Basic undergraduate pharmacology / (Record no. 39633)

MARC details
000 -LEADER
fixed length control field 00646nam a22001817a 4500
010 ## - LCCN (DPL NO)
LC control number ENG-98492
020 ## - INTERNATIONAL STANDARD BOOK NUMBER
International Standard Book Number 9788189781866
Terms of availability 275.00
035 ## - SYSTEM CONTROL NUMBER
System control number EN-82025
037 ## - SOURCE OF ACQUISITION
Source of stock number/acquisition DBAD/PUB
100 ## - MAIN ENTRY--PERSONAL NAME
Personal name Mondal, Sudeb
245 ## - TITLE STATEMENT
Title Basic undergraduate pharmacology /
Statement of responsibility, etc by Sudeb Mondal
260 ## - PUBLICATION, DISTRIBUTION, ETC. (IMPRINT)
Place of publication, distribution, etc Kolkata
Name of publisher, distributor, etc Academic Publishers
Date of publication, distribution, etc 2010
270 ## - ADDRESS
Address 5A, Bhiwani Dutta Lane
City Kolkata
Postal code 700073
300 ## - PHYSICAL DESCRIPTION
Extent 410p.
Dimensions 23cm (pbk)
500 ## - GENERAL NOTE
General note Includes index
942 ## - ADDED ENTRY ELEMENTS (KOHA)
Source of classification or shelving scheme Dewey Decimal Classification
Item type English Books
Classification part 615.1
Call number suffix MON
Holdings
Withdrawn status Lost status Not for loan Collection code Home library Current library Date acquired Source of acquisition Cost, normal purchase price Full call number Barcode Copy number Cost, replacement price Koha item type
    Not For Loan Non-fiction D.B.Act.Division D.B.Act.Division 06/08/2010 DBAD/PUB 275.00 615.1 MON EN-82025 1 275.00 English Books

© Delhi Public Library
Hit Counter
free hit counter